| Tag |
First Indicator |
Second Indicator |
Subfields |
| LEADER |
00000pam a2200000 a 4500 |
| 001 |
in00000087774 |
| 005 |
20151008063008.0 |
| 008 |
771201s1978 nyua j d 00010 engm |
| 010 |
|
|
|a 77026295
|
| 020 |
|
|
|a 0684155508 :
|c $8.95
|
| 035 |
|
|
|a (OCoLC)03516766
|
| 035 |
|
|
|9 AAK1366AM
|
| 040 |
|
|
|a DLC
|c DLC
|d m.c.
|d TXA
|d UtOrBLW
|
| 049 |
|
|
|a [Curr Col] TXAM
|c [388570]
|
| 050 |
0 |
0 |
|a GR81
|b S27
|
| 082 |
0 |
|
|a 398/.41
|
| 100 |
1 |
|
|a Sarnoff, Jane.
|
| 245 |
1 |
0 |
|a Take warning :
|b a book of superstitions /
|c by Jane Sarnoff and Reynold Ruffins.
|
| 264 |
|
1 |
|a New York :
|b Scribner,
|c [1978]
|
| 264 |
|
4 |
|c ©1978
|
| 300 |
|
|
|a 159 pages :
|b illustrations ;
|c 24 cm.
|
| 336 |
|
|
|a text
|b txt
|2 rdacontent
|
| 337 |
|
|
|a unmediated
|b n
|2 rdamedia
|
| 338 |
|
|
|a volume
|b nc
|2 rdacarrier
|
| 520 |
|
|
|a Explains superstitions concerning a wide variety of phenomena from different times and places.
|
| 650 |
|
0 |
|a Superstition
|x Dictionaries.
|
| 650 |
|
0 |
|a Folklore
|v Dictionaries.
|
| 650 |
|
1 |
|a Superstition
|x Dictionaries.
|
| 650 |
|
1 |
|a Folklore
|x Dictionaries.
|
| 700 |
1 |
|
|a Ruffins, Reynold.
|
| 999 |
|
|
|a MARS
|
| 999 |
f |
f |
|s 426800ab-9da3-3d41-af46-07e5268fef51
|i da4c70ac-8006-36f5-bfe2-2e4c84623b12
|t 0
|
| 952 |
f |
f |
|p ric
|a Texas A&M University
|b Rellis Campus
|c Joint Library Facility
|d Remote Storage
|t 0
|e GR81 S27
|h Library of Congress classification
|i unmediated -- volume
|m A14805982107
|
| 998 |
f |
f |
|a GR81 S27
|t 0
|l Remote Storage
|